Controle judicial dos limites constitucionais à liberdade de imprensa / (Record no. 742)

MARC details
000 -LÍDER
Campo Fixo de Controle 00807nam a2200241 a 4500
001 - NÚMERO DE CONTROLE
Campo de Controle 742
003 - IDENTIFICAÇÃO DO NÚMERO DE CONTROLE
Campo de Controle BR-CuiBMT
005 - DATA E HORA DA ÚLTIMA ATUALIZAÇÃO
Campo de Controle 20231116132836.0
008 - DADOS FIXOS
Dados Fixos 231116s2008 rjb 000 0 por d
020 ## - INTERNATIONAL STANDARD BOOK NUMBER
Nº do ISBN 97837502556
040 ## - AGÊNCIA CATALOGADORA
Código da Agência Catalogadora BR-CuiBMT
Agência que transcreveu o registro BR-CuiBMT
080 ## - Nº DA CLASSIFICAÇÃO DECIMAL UNIVERSAL
Nº edição CDU 2007
Nº Class. CDU 342.732
090 ## - NÚMERO DE CHAMADA
Nº classificação 342.732
Cutter S729c
100 1# - ENTRADA PRINCIPAL -- AUTOR PESSOAL
Nome pessoal Souza, Sérgio Ricardo de
245 10 - TÍTULO PRINCIPAL
Título principal Controle judicial dos limites constitucionais à liberdade de imprensa /
Indicação de responsabilidade Sérgio Ricardo de Souza
260 ## - PUBLICAÇÃO, DISTRIBUIÇÃO, ETC.
Local de publicação Rio de Janeiro :
Editora Lumen Juris,
Data 2008.
300 ## - DESCRIÇÃO FÍSICA
N. páginas ou volumes 224 p. ;
Dimensões 23 cm
504 ## - NOTA DE BIBLIOGRAFIA, ETC.
Nota de bibliografia Inclui bibliografia.
650 ## - ASSUNTO TÓPICO
Cabeçalho tópico ou nome geográfico Liberdade de imprensa
Subdivisão geográfica Brasil
650 ## - ASSUNTO TÓPICO
Cabeçalho tópico ou nome geográfico Liberdade de imprensa
Subdivisão geral Regulação jurídica
Subdivisão geográfica Brasil
650 ## - ASSUNTO TÓPICO
Cabeçalho tópico ou nome geográfico Limites constitucionais
Subdivisão geral Liberdade de imprensa
-- Controle judicial
Subdivisão geográfica Brasil
942 ## - ELEMENTOS DE ENTRADA ADICIONAIS (KOHA)
Fonte de classificação ou esquema de arquivamento Classificação Decimal Universal
Tipo de item do Koha Livros
Holdings
Estado: removido Estado: perdido Fonte de classificação ou esquema de arquivamento Estado: danificado Indisponível para empréstimo Localização permanente Localização atual Data de aquisição Total Checkouts Número de Chamada completo Código de barras Date last seen Número do exemplar Preço efetivo a partir de Tipo de item (Koha)
    Classificação Decimal Universal     Biblioteca da Escola Superior de Contas do TCE/MT Biblioteca da Escola Superior de Contas do TCE/MT 16/11/2023   342.732 S729c BIBTCEMT23110614 16/11/2023 Ex. 1 16/11/2023 Livros

Powered by Koha